[Event "ProMoPro Open 2003"]
[Site "?"]
[Date "2003.09.07"]
[Round "2.29"]
[White "Horak, Karel"]
[Black "Steinhauser, Antonin"]
[Result "1/2-1/2"]
[WhiteElo "1638"]
[BlackElo "1913"]
[PlyCount "84"]
[EventDate "2003.09.06"]

1. d4 Nf6 2. c4 g6 3. Nc3 Bg7 4. e4 d6 5. f3 O-O 6. Bg5 h6 7. Be3 e5 8. Nge2
Nc6 9. g4 Bxg4 10. fxg4 Nxg4 11. Nd5 Nxe3 12. Nxe3 exd4 13. Ng2 Re8 14. Qb3 Qd7
15. Ng3 f5 16. Bd3 fxe4 17. Bxe4 Rxe4+ 18. Nxe4 Re8 19. O-O Rxe4 20. Qf3 Re8
21. Qd5+ Qe6 22. Rae1 Be5 23. Nf4 Qxd5 24. Nxd5 Rc8 25. Rf3 Rf8 26. Ref1 Rxf3
27. Rxf3 d3 28. Rxd3 Bxb2 29. Nxc7 Bd4+ 30. Kf1 Bc5 31. Rf3 Ne5 32. Rf4 g5 33.
Rf5 Nxc4 34. Ke2 Ne3 35. Rxc5 dxc5 36. Kxe3 b6 37. a4 Kf7 38. Nb5 a6 39. Nc7 b5
40. axb5 axb5 41. Nxb5 Ke6 42. Ke4 h5 {remis} 1/2-1/2

[Event "ProMoPro Open 2003"]
[Site "?"]
[Date "2003.09.07"]
[Round "2.30"]
[White "Hoskovec, Josef"]
[Black "Janota, Jiri"]
[Result "1-0"]
[WhiteElo "1891"]
[BlackElo "1571"]
[PlyCount "41"]
[EventDate "2003.09.06"]

1. e4 e6 2. d4 d5 3. e5 c5 4. c3 cxd4 5. cxd4 Bb4+ 6. Nc3 a6 7. Bd3 Bxc3+ 8.
bxc3 Ne7 9. Nf3 Nbc6 10. O-O O-O 11. Bxh7+ Kxh7 12. Ng5+ Kg6 13. Qg4 f5 14. Qg3
Qe8 {#} 15. Ne4+ Kh7 16. Qh4+ Kg8 17. Nd6 Qg6 18. Bg5 Rf7 19. f4 Bd7 20. Rf3
Nc8 21. Rh3 {cerny se vzdal} 1-0

[Event "ProMoPro Open 2003"]
[Site "Praha"]
[Date "2003.09.06"]
[Round "1.1"]
[White "Sodoma, Jan"]
[Black "Hausner, Ivan"]
[Result "1-0"]
[WhiteElo "2183"]
[BlackElo "2441"]
[PlyCount "47"]
[EventDate "2003.09.06"]

1. e4 Nf6 2. e5 Nd5 3. c4 Nb6 4. d4 d6 5. f4 dxe5 6. fxe5 c5 7. d5 e6 8. Nc3
exd5 9. cxd5 c4 10. Nf3 Bb4 11. Bxc4 Bg4 12. Bb3 O-O 13. O-O N8d7 14. Bf4 Nc5
15. d6 Rc8 16. Nd5 Nxd5 17. Bxd5 Ne6 18. Bg3 Bc5+ 19. Kh1 Qb6 20. h3 Bh5 21.
Qb3 Qxb3 22. axb3 b5 23. Bxe6 Bxf3 24. Bxc8 {cerny se vzdal} 1-0

[Event "ProMoPro Open 2003"]
[Site "Praha"]
[Date "2003.09.06"]
[Round "1.3"]
[White "Vohnout, Pavel"]
[Black "Jirka, Jiri"]
[Result "0-1"]
[WhiteElo "2008"]
[BlackElo "2400"]
[PlyCount "144"]
[EventDate "2003.09.06"]

1. e4 e5 2. Nf3 Nc6 3. Bb5 Nd4 4. Bc4 Nxf3+ 5. Qxf3 Qf6 6. Qg3 Bc5 7. Nc3 c6 8.
d3 h6 9. O-O g5 10. Be3 d6 11. Ne2 Ne7 12. c3 Ng6 13. Bxc5 dxc5 14. Qe3 Nf4 15.
d4 cxd4 16. cxd4 Be6 17. Bxe6 fxe6 18. Rad1 O-O-O 19. dxe5 Nxe2+ 20. Qxe2 Qxe5
21. Qc4 h5 22. b4 Kb8 23. Rd3 g4 24. Rfd1 Rxd3 25. Qxd3 h4 26. Qd6+ Qxd6 27.
Rxd6 Kc7 28. Rxe6 Rd8 29. f4 Rd1+ 30. Kf2 Rd2+ 31. Kf1 g3 32. hxg3 hxg3 33. f5
Rxa2 34. Rg6 Rf2+ 35. Ke1 Rxg2 36. e5 Rf2 37. Rg5 Rf4 38. Kd2 g2 39. f6 Kd7 40.
Ke3 Rf5 41. Rxg2 Rxe5+ 42. Kf4 Ke6 43. Rg7 Rb5 44. f7 Ke7 45. Ke4 a6 46. Kf4
Rxb4+ 47. Kf5 Kf8 48. Rh7 c5 49. Ke6 Rb6+ 50. Kd5 a5 51. Kxc5 Rb4 52. Kd5 a4
53. Kc5 Rb3 54. Kc4 Rb2 55. Kd5 Rb5+ 56. Kc4 Rb3 57. Kc5 a3 58. Kc4 a2 59. Rh8+
Kxf7 60. Ra8 Rb2 61. Kc3 Rh2 62. Kb3 Ke6 63. Rxa2 Rxa2 64. Kxa2 Kd5 65. Kb3 Kc5
66. Kc3 Kb5 67. Kb3 b6 68. Kc3 Ka4 69. Kc2 Ka3 70. Kb1 Kb3 71. Ka1 b5 72. Kb1
b4 {bily se vzdal} 0-1

[Event "ProMoPro Open 2003"]
[Site "Praha"]
[Date "2003.09.06"]
[Round "1.4"]
[White "Stehno , Pavel"]
[Black "Bernasek, Vaclav"]
[Result "0-1"]
[WhiteElo "2327"]
[BlackElo "1990"]
[PlyCount "54"]
[EventDate "2003.09.06"]

1. e4 c5 2. Nf3 Nc6 3. d4 cxd4 4. Nxd4 g6 5. Be3 Nf6 6. Nc3 Bg7 7. Bc4 O-O 8.
f3 Qb6 9. Qd2 Nxe4 10. fxe4 Bxd4 11. Bxd4 Qxd4 12. Qe2 d6 13. Rd1 Qb6 14. Bb3
Be6 15. Rd3 Ne5 16. Rg3 a5 17. h4 Kg7 18. h5 a4 19. hxg6 hxg6 20. Bxe6 fxe6 21.
Nd1 Rh8 22. Rf1 Raf8 23. Rxf8 Rxf8 24. c3 Qg1+ 25. Kd2 Rf1 26. b3 axb3 27. axb3
Rxd1+ {bily se vzdal} 0-1

[Event "ProMoPro Open 2003"]
[Site "Praha"]
[Date "2003.09.06"]
[Round "1.5"]
[White "Erneker, Josef"]
[Black "Cernousek, Lukas"]
[Result "0-1"]
[WhiteElo "1990"]
[BlackElo "2293"]
[PlyCount "70"]
[EventDate "2003.09.06"]

1. c4 c5 2. Nc3 Nc6 3. g3 g6 4. Bg2 Bg7 5. e4 d6 6. Nge2 Nd4 7. O-O h5 8. h3 h4
9. g4 e5 10. Nxd4 cxd4 11. Nd5 Be6 12. f4 exf4 13. Nxf4 Bxc4 14. d3 Bb5 15. Qb3
Qd7 16. Nd5 Bc6 17. Bg5 Bxd5 18. Qxd5 Be5 19. Rac1 f6 20. Bf4 Ne7 21. Qb3 Rf8
22. Bxe5 dxe5 23. g5 fxg5 24. Rxf8+ Kxf8 25. Rf1+ Kg7 26. Qf7+ Kh6 27. Rf6 Qe8
28. Qb3 Ng8 29. Re6 Qf7 30. Rxe5 Qf4 31. Qxb7 Rf8 32. Qd5 Qf2+ 33. Kh1 Qe1+ 34.
Kh2 Qg3+ 35. Kg1 Rf2 {bily se vzdal} 0-1

[Event "ProMoPro Open 2003"]
[Site "Praha"]
[Date "2003.09.06"]
[Round "1.6"]
[White "Studnicka, Tomas"]
[Black "Dlouhy, David"]
[Result "1-0"]
[WhiteElo "2282"]
[BlackElo "1974"]
[PlyCount "49"]
[EventDate "2003.09.06"]

1. d4 d5 2. c4 e6 3. Nc3 Nf6 4. cxd5 exd5 5. Bg5 Be7 6. e3 O-O 7. Bd3 Re8 8.
Nge2 h6 9. Bh4 b6 10. O-O Ne4 11. Bxe7 Rxe7 12. Qb3 Nf6 13. Rac1 c5 14. dxc5
bxc5 15. Qa3 c4 16. Bc2 Nc6 17. Rfd1 Be6 18. e4 Rd7 19. Ba4 Rc7 20. exd5 Nxd5
21. Nxd5 Bxd5 22. Nc3 Ne7 23. Nxd5 Nxd5 24. Qf3 Rc5 {#} 25. b4 {cerny se vzdal}
1-0

[Event "ProMoPro Open 2003"]
[Site "Praha"]
[Date "2003.09.06"]
[Round "1.7"]
[White "Horinek, Karel"]
[Black "Forman, Stepan"]
[Result "0-1"]
[WhiteElo "1946"]
[BlackElo "2252"]
[PlyCount "80"]
[EventDate "2003.09.06"]

1. e4 c5 2. Nf3 e6 3. c3 d5 4. e5 d4 5. Bb5+ Bd7 6. Bxd7+ Qxd7 7. cxd4 cxd4 8.
O-O Nc6 9. d3 Nge7 10. Bf4 Ng6 11. Bg3 Bb4 12. Nbd2 Qd5 13. Re1 O-O 14. Re4 Ba5
15. h4 Bc7 16. Qe2 f5 17. exf6 Bxg3 18. fxg3 gxf6 19. h5 Qxh5 20. Rxe6 Qg4 21.
Re4 Qxg3 22. Nxd4 Nf4 23. Rxf4 Qxf4 24. Ne6 Qb4 25. Nxf8 Rxf8 26. Nf3 Nd4 27.
Qf2 Nxf3+ 28. gxf3 Rd8 29. Rd1 Rd5 30. b3 Rg5+ 31. Kf1 Qf4 32. d4 Qf5 33. Ke2
Qg6 34. Qe3 Rg2+ 35. Kf1 Rxa2 36. Qe6+ Kh8 37. Qc8+ Kg7 38. Qxb7+ Kh6 39. f4
Qh5 40. Rd3 Qe2+ {bily se vzdal} 0-1

[Event "ProMoPro Open 2003"]
[Site "Praha"]
[Date "2003.09.06"]
[Round "1.8"]
[White "Matras, Ondrej"]
[Black "Havrlik, Pavel"]
[Result "1-0"]
[WhiteElo "2242"]
[BlackElo "2003"]
[PlyCount "61"]
[EventDate "2003.09.06"]

1. d4 d5 2. c4 Nc6 3. cxd5 Qxd5 4. Nf3 e5 5. Nc3 Bb4 6. Bd2 Bxc3 7. Bxc3 e4 8.
Nd2 Bg4 9. Qc2 Nf6 10. e3 O-O 11. Bc4 Qh5 12. Nxe4 Nxe4 13. Qxe4 Rfe8 14. Qf4
Rac8 15. Bxf7+ Qxf7 16. Qxg4 Qc4 17. Qe2 Qxe2+ 18. Kxe2 b5 19. Rac1 b4 20. Bd2
Nxd4+ 21. Kd3 Ne6 22. Bxb4 c5 23. Ba5 Rb8 24. Kc2 Rb5 25. Bc3 c4 26. Rcd1 Rf5
27. f3 Nc5 28. e4 Rg5 29. Rd2 h5 30. Bd4 Nd3 31. b3 {cerny se vzdal} 1-0

[Event "ProMoPro Open 2003"]
[Site "Praha"]
[Date "2003.09.06"]
[Round "1.9"]
[White "Steinhauser, Antonin"]
[Black "Stross, Frantisek"]
[Result "0-1"]
[WhiteElo "1913"]
[BlackElo "2229"]
[PlyCount "62"]
[EventDate "2003.09.06"]

1. e4 c5 2. Nf3 e6 3. d4 cxd4 4. Nxd4 Nf6 5. Nc3 Nc6 6. Be2 Bb4 7. Nxc6 bxc6 8.
e5 Nd5 9. Bd2 Nxc3 10. Bxc3 Bxc3+ 11. bxc3 Qg5 12. Qd4 Qxg2 13. O-O-O Qd5 14.
Kb1 Qxd4 15. cxd4 Ke7 16. c4 Ba6 17. Rd2 Rhb8+ 18. Kc2 Rb4 19. Kc3 Rab8 20. Rc1
Ra4 21. Rdc2 Ra3+ 22. Kd2 Rb4 23. Bd3 g6 24. f4 d5 25. exd6+ Kxd6 26. Re1 Rba4
27. Ra1 c5 28. dxc5+ Kxc5 29. Bf1 Rf3 30. Be2 Rxf4 31. Rac1 Bxc4 {bily se vzdal
} 0-1

[Event "ProMoPro Open 2003"]
[Site "Praha"]
[Date "2003.09.06"]
[Round "1.10"]
[White "Vedral, Oldrich"]
[Black "Hoskovec, Josef"]
[Result "1-0"]
[WhiteElo "2212"]
[BlackElo "1891"]
[PlyCount "93"]
[EventDate "2003.09.06"]

1. d4 e6 2. c4 f5 3. g3 Nf6 4. Bg2 Be7 5. Nf3 d6 6. O-O O-O 7. Nc3 a5 8. Qc2
Nc6 9. a3 e5 10. d5 Nb8 11. Rb1 Qe8 12. b4 axb4 13. axb4 Qh5 14. h3 h6 15. Nd2
g5 16. f4 exf4 17. gxf4 g4 18. Qd3 Rf7 19. hxg4 Nxg4 20. Qh3 Qxh3 21. Bxh3 Rg7
22. Kh1 Bf6 23. Bb2 Bd4 24. Nb5 Bxb2 25. Rxb2 Ne3 26. Rc1 Ng4 27. Bxg4 Rxg4 28.
Nxc7 Ra3 29. Nf3 Rxf4 30. Ne8 Nd7 31. Nxd6 Ra8 32. c5 Nf6 33. Nxc8 Rxc8 34. d6
Ne4 35. Ne5 Ng3+ 36. Kg2 Nxe2 37. Rxe2 Rxb4 38. Kh3 Rb3+ 39. Kh4 Kg7 40. Nd7
Rb4+ 41. Kh3 Rb3+ 42. Kh2 Rb4 43. Re7+ Kg6 44. Rg1+ Kh5 45. Nf6+ Kh4 46. Rh7
Rb2+ 47. Kh1 {cerny se vzdal} 1-0

[Event "ProMoPro Open 2003"]
[Site "Praha"]
[Date "2003.09.06"]
[Round "1.11"]
[White "Cebis, Petr"]
[Black "Csala, Jan"]
[Result "0-1"]
[WhiteElo "1852"]
[BlackElo "2204"]
[PlyCount "58"]
[EventDate "2003.09.06"]

1. e4 c5 2. f4 d5 3. exd5 e6 4. dxe6 Bxe6 5. Nf3 Nf6 6. Bb5+ Nbd7 7. O-O Be7 8.
Nc3 O-O 9. h3 Qc7 10. Ng5 Bf5 11. d3 Nb6 12. Qf3 a6 13. Ba4 c4 14. dxc4 Nxa4
15. Nxa4 Bxc2 16. Nc3 Qxc4 17. Re1 Bc5+ 18. Kh1 h6 19. Nge4 Nxe4 20. Nxe4 Rae8
21. b3 Bxe4 22. bxc4 Bxf3 23. Rxe8 Rxe8 24. gxf3 Re2 25. a4 Bd4 26. Rb1 Re1+
27. Kg2 Be3 28. Rxb7 Rg1+ 29. Kh2 Rxc1 {bily se vzdal} 0-1

[Event "ProMoPro Open 2003"]
[Site "Praha"]
[Date "2003.09.06"]
[Round "1.12"]
[White "Kudela, Stanislav"]
[Black "Rmoutil, Martin"]
[Result "0-1"]
[WhiteElo "2178"]
[BlackElo "1841"]
[PlyCount "102"]
[EventDate "2003.09.06"]

1. e4 c5 2. Nf3 d6 3. d4 cxd4 4. Nxd4 Nf6 5. Nc3 a6 6. Bg5 e6 7. f4 Be7 8. Qf3
Qc7 9. O-O-O O-O 10. Qg3 Re8 11. Bxf6 Bxf6 {#} 12. e5 dxe5 13. Ne4 Kh8 14. Nxf6
gxf6 15. fxe5 Qxe5 16. Qh4 Qg5+ 17. Qxg5 fxg5 18. Nf3 f6 19. Bc4 g4 20. Nd4 b5
21. Bb3 e5 22. Rhe1 Ra7 23. c3 Rd7 24. Ne6 Rxd1+ 25. Rxd1 Bxe6 26. Bxe6 Rxe6
27. Rd8+ Kg7 28. Rxb8 Rd6 29. a4 bxa4 30. Rb4 f5 31. Rxa4 f4 32. Kc2 h5 33. Re4
f3 34. gxf3 gxf3 35. Re1 Kf6 36. Re3 e4 37. Rxe4 Kf5 38. Re1 Kg4 39. Rf1 h4 40.
c4 Re6 41. Rf2 Kf4 42. Kd2 a5 43. b3 Rb6 44. Kc3 Ke3 45. Ra2 f2 46. Ra1 Rf6 47.
c5 f1=Q 48. Rxf1 Rxf1 49. Kc4 Ke4 50. c6 Rc1+ 51. Kb5 Kd5 {bily se vzdal} 0-1

[Event "ProMoPro Open 2003"]
[Site "Praha"]
[Date "2003.09.06"]
[Round "1.13"]
[White "Forman, Miroslav"]
[Black "Masek, Miroslav"]
[Result "1-0"]
[WhiteElo "1828"]
[BlackElo "2178"]
[PlyCount "78"]
[EventDate "2003.09.06"]

1. d4 d5 2. Bg5 c5 3. dxc5 Nc6 4. Nc3 d4 5. Na4 b5 6. cxb6 axb6 {#} 7. e4 Rxa4
8. Bb5 Ra5 9. Bxc6+ Bd7 10. Bxd7+ Qxd7 11. Nf3 g6 12. Bd2 Rh5 13. h3 Bg7 14. e5
Bxe5 15. Qe2 Bg7 16. Bg5 h6 17. Bf4 Rd5 18. O-O Nf6 19. Rfe1 e6 20. Be5 O-O 21.
Rad1 Rd8 22. Qa6 b5 23. Rxd4 Rxe5 24. Rxd7 Rxe1+ 25. Nxe1 Rxd7 26. Nd3 Rd5 27.
Qa8+ Kh7 28. Qb7 Nd7 29. g3 g5 30. b3 Bc3 31. Qc6 b4 32. a3 Nb8 33. Qc7 Nd7 34.
axb4 Bf6 35. Nc5 Ne5 36. Ne4 Bg7 37. c4 Rd1+ 38. Kg2 Re1 39. Nd6 Kg6 {
cerny prekrocil cas} 1-0

[Event "ProMoPro Open 2003"]
[Site "Praha"]
[Date "2003.09.06"]
[Round "1.14"]
[White "Urbankova, Eva"]
[Black "Hybl, Vladislav"]
[Result "1/2-1/2"]
[WhiteElo "2172"]
[BlackElo "1827"]
[PlyCount "64"]
[EventDate "2003.09.06"]

1. d4 f5 2. Bg5 h6 3. Bh4 g5 4. Bg3 Nf6 5. e3 d5 6. h4 g4 7. c4 Be6 8. Qc2 c6
9. Bd3 dxc4 10. Bxc4 Bxc4 11. Qxc4 Qd5 12. Qxd5 Nxd5 13. Ne2 Nd7 14. Nbc3 Nxc3
15. bxc3 Bg7 16. Rb1 b5 17. Nf4 Kf7 18. Nd3 Rhc8 19. O-O a6 20. f3 Kg8 21. fxg4
fxg4 22. Rf4 Nf6 23. e4 h5 24. Nc5 Bh6 25. Rf5 Bd2 26. Be1 Be3+ 27. Kh1 Kg7 28.
Bg3 Kg6 29. Rbf1 Rf8 30. Be5 Nh7 31. Ne6 Rxf5 32. Rxf5 Nf6 {remis} 1/2-1/2

[Event "ProMoPro Open 2003"]
[Site "Praha"]
[Date "2003.09.06"]
[Round "1.15"]
[White "Listopad, Martin"]
[Black "Londyn, Radek"]
[Result "0-1"]
[WhiteElo "1823"]
[BlackElo "2152"]
[PlyCount "146"]
[EventDate "2003.09.06"]

1. d4 Nf6 2. Nf3 c6 3. c4 d5 4. Nc3 a6 5. e3 b5 6. c5 Bg4 7. h3 Bxf3 8. Qxf3
Nbd7 9. e4 Nxe4 10. Nxe4 dxe4 11. Qxe4 Rc8 12. Be3 Nf6 13. Qd3 Nd5 14. Be2 g6
15. O-O Bg7 16. a4 O-O 17. Bf3 f5 18. axb5 axb5 19. Rfe1 e6 20. Ra7 Rf7 21.
Rea1 Rxa7 22. Rxa7 Qf6 23. Bxd5 exd5 24. Qa3 f4 25. Ra8 Rf8 26. Bd2 Qxd4 27.
Bc3 Qd1+ 28. Kh2 d4 29. Qa2+ Kh8 30. Rxf8+ Bxf8 31. Qf7 Bxc5 32. Qe8+ Kg7 33.
Qe5+ Kf7 34. Qxf4+ Ke6 35. Qe4+ Kd7 36. Ba5 d3 37. Qh4 Qh5 38. Qd8+ Ke6 39.
Qg8+ Ke7 40. Qd8+ Ke6 41. Qg8+ Ke7 42. Qd8+ Kf7 43. Qd7+ Be7 44. Qxd3 Qe5+ 45.
g3 Qxb2 46. Kg2 Qf6 47. Bc3 Qe6 48. Qf3+ Ke8 49. Qf4 Qd5+ 50. Kh2 Bd6 51. Qe3+
Kd8 52. Ba5+ Bc7 53. Bxc7+ Kxc7 54. Qa7+ Kd6 55. Qxh7 Qf5 56. Kg2 b4 57. Qb7 c5
58. Qa6+ Kd5 59. Qa2+ Kd4 60. Qd2+ Qd3 61. Qg5 b3 62. Qf6+ Kd5 63. Qf7+ Kc6 64.
Qe8+ Kb6 65. Qb8+ Ka5 66. Qa7+ Kb4 67. Qb6+ Qb5 68. Qxg6 c4 69. h4 c3 70. Qd6+
Qc5 71. Qf4+ Ka3 72. Qc1+ b2 73. Qc2 Qd5+ {bily se vzdal} 0-1

[Event "ProMoPro Open 2003"]
[Site "Praha"]
[Date "2003.09.06"]
[Round "1.17"]
[White "Nemcova , Kristyna"]
[Black "Kubikova , Hana"]
[Result "1/2-1/2"]
[WhiteElo "1808"]
[BlackElo "2145"]
[PlyCount "112"]
[EventDate "2003.09.06"]

1. e4 c5 2. Nf3 Nf6 3. Nc3 Nc6 4. d4 d5 5. exd5 Nxd5 6. Ne4 cxd4 7. Nxd4 Qb6 8.
Nxc6 bxc6 9. c4 Nf6 10. Nxf6+ exf6 11. Bd3 Bb4+ 12. Bd2 O-O 13. O-O Bxd2 14.
Qxd2 Be6 15. Qc2 h6 16. Rad1 Rab8 17. b3 a5 18. Rb1 Rfd8 19. Rfd1 Qc5 20. h3
Kh8 21. Be4 f5 22. Rxd8+ Rxd8 23. Bf3 Qb4 24. Rd1 Rxd1+ 25. Qxd1 c5 26. Bc6 Qc3
27. Qe2 Kh7 28. Kh2 Qd4 29. Kg1 Qd6 30. Bb5 f4 31. Qe4+ g6 32. Qe2 Bf5 33. Be8
Qe6 34. Qxe6 fxe6 35. Kf1 Bb1 36. a3 Bd3+ 37. Ke1 Kg7 38. Kd2 Be4 39. g3 fxg3
40. fxg3 Kf6 41. Kc3 Ke7 42. Bb5 e5 43. b4 axb4+ 44. axb4 Kd6 45. Be8 cxb4+ 46.
Kxb4 g5 47. c5+ Kc7 48. Kc4 Bg2 49. h4 gxh4 50. gxh4 Kd8 51. Bh5 Bc6 52. Bf7
Kd7 53. Bd5 Kc7 54. Bxc6 Kxc6 55. h5 e4 56. Kd4 e3 {remiz} 1/2-1/2

[Event "ProMoPro Open 2003"]
[Site "Praha"]
[Date "2003.09.06"]
[Round "1.18"]
[White "Soural, Jan"]
[Black "Kudrna, Jakub"]
[Result "1-0"]
[WhiteElo "2143"]
[BlackElo "1796"]
[PlyCount "83"]
[EventDate "2003.09.06"]

1. d4 d5 2. c4 e6 3. Nc3 Be7 4. Nf3 c6 5. g3 Nf6 6. Bg2 O-O 7. O-O Nbd7 8. Qc2
dxc4 9. a4 Rb8 10. Bf4 Ra8 11. a5 Nd5 12. Nd2 b5 13. axb6 N7xb6 14. Na4 Nxf4
15. gxf4 Qxd4 16. e3 Qd8 17. Nxc4 Nd5 18. Ne5 Nb4 19. Qc3 Qc7 20. Rfc1 Bb7 21.
Nc5 Nd5 22. Qc4 Bf6 23. Ned7 Rfc8 24. Nxf6+ gxf6 25. Qb3 Rcb8 26. Bxd5 exd5 27.
Qc3 Kg7 28. Kh1 Qd6 29. Rg1+ Kf8 30. Rg3 Ke7 31. Rd1 Bc8 32. e4 Rb5 33. b4 a5
34. exd5 axb4 35. Qe3+ Kf8 36. Rdg1 Qxd5+ 37. f3 Be6 38. Nxe6+ Qxe6 39. Qxe6
fxe6 40. Rg8+ Ke7 41. Rxa8 c5 42. Ra6 {cerny se vzdal} 1-0

[Event "ProMoPro Open 2003"]
[Site "Praha"]
[Date "2003.09.06"]
[Round "1.19"]
[White "Steinhauser, Dominik"]
[Black "Podbrdsky, Pavel"]
[Result "0-1"]
[WhiteElo "1793"]
[BlackElo "2142"]
[PlyCount "50"]
[EventDate "2003.09.06"]

1. e4 e5 2. d4 exd4 3. c3 d5 4. exd5 Nf6 5. Bb5+ Bd7 6. Bxd7+ Qxd7 7. cxd4 Bb4+
8. Nc3 O-O 9. Nf3 Re8+ 10. Ne5 Qb5 11. Bd2 Bxc3 12. Bxc3 Nxd5 13. Kd2 Nc6 14.
a4 Qa6 15. Nd3 Qc4 16. Rc1 Nxd4 17. Bxd4 Qxd4 18. Qb3 Rad8 19. Rc4 Qf6 20. Qxb7
Nf4 21. Rc3 Nxd3 22. Rxd3 Qxf2+ 23. Kc3 Qc5+ 24. Kd2 Rxd3+ 25. Kxd3 Rd8+ {
bily se vzdal} 0-1

[Event "ProMoPro Open 2003"]
[Site "Praha"]
[Date "2003.09.06"]
[Round "1.20"]
[White "Pirklova, Hana"]
[Black "Kriz, Pavel"]
[Result "1-0"]
[WhiteElo "2139"]
[BlackElo "1792"]
[PlyCount "49"]
[EventDate "2003.09.06"]

1. e4 c5 2. Nf3 a6 3. d4 cxd4 4. Nxd4 Nf6 5. Nc3 e5 6. Nf3 Bb4 7. Bc4 Qc7 8.
Qd3 O-O 9. O-O b5 10. Bd5 Nxd5 11. Nxd5 Qd6 12. a3 Bc5 13. b4 Ba7 14. Bb2 Nc6
15. Rfd1 Bb7 16. Rac1 Rad8 17. c4 bxc4 18. Rxc4 f6 19. a4 Bb8 20. b5 Ne7 21.
Ba3 Bxd5 22. Bxd6 Bxc4 23. Qxc4+ Kh8 24. Bxe7 Rc8 25. Qd5 {cerny se vzdal} 1-0

[Event "ProMoPro Open 2003"]
[Site "Praha"]
[Date "2003.09.06"]
[Round "1.21"]
[White "Steinhauser, Frantisek"]
[Black "Urbanek, Stepan"]
[Result "0-1"]
[WhiteElo "1763"]
[BlackElo "2120"]
[PlyCount "84"]
[EventDate "2003.09.06"]

1. e4 e6 2. d4 d5 3. e5 c5 4. c3 Nc6 5. Nf3 Bd7 6. Nbd2 cxd4 7. cxd4 Rc8 8. Nb3
Nb4 9. Bd3 Nxd3+ 10. Qxd3 Qb6 11. Bd2 Bb5 12. Qe3 Ne7 13. Ba5 Qa6 14. Qd2 Nc6
15. Bc3 b6 16. a3 Be7 17. h4 f6 18. exf6 gxf6 19. g4 Kd7 20. Qe3 Qa4 21. Nfd2
Rce8 22. O-O-O Bd6 23. f4 Bc4 24. Nxc4 Qxc4 25. Nd2 Qa4 26. g5 Rhf8 27. h5 fxg5
28. fxg5 Bf4 29. Qd3 Rf5 30. g6 hxg6 31. hxg6 Rg8 32. Rdg1 Ne7 33. Rh7 Kd8 34.
g7 Qe8 35. Qa6 Qd7 36. Bb4 Rf7 37. Rh8 Qe8 38. Qxa7 Nc8 39. Qa6 Rxh8 40. gxh8=Q
Qxh8 41. Qe2 Qe8 42. Rg6 Rc7+ {bily se vzdal} 0-1

[Event "ProMoPro Open 2003"]
[Site "Praha"]
[Date "2003.09.06"]
[Round "1.22"]
[White "Jinova, Lucie"]
[Black "Hampel, Rudolf"]
[Result "1-0"]
[WhiteElo "2116"]
[BlackElo "1757"]
[PlyCount "39"]
[EventDate "2003.09.06"]

1. e4 c5 2. c3 d5 3. exd5 Qxd5 4. d4 cxd4 5. cxd4 e5 6. Nf3 exd4 7. Nxd4 Nc6 8.
Be3 Nf6 9. Nc3 Bb4 10. Ndb5 Qxd1+ 11. Rxd1 O-O 12. a3 Bxc3+ 13. bxc3 Bf5 14.
Nd6 Bg4 15. f3 Bc8 16. Bc4 Ne5 17. Bb3 b6 18. Bd4 Ned7 19. Bxf6 gxf6 20. Nxc8 {
cerny se vzdal} 1-0

[Event "ProMoPro Open 2003"]
[Site "Praha"]
[Date "2003.09.06"]
[Round "1.23"]
[White "Krivanek, Vladimir"]
[Black "Novak, Vaclav"]
[Result "0-1"]
[WhiteElo "1744"]
[BlackElo "2113"]
[PlyCount "74"]
[EventDate "2003.09.06"]

1. e4 g6 2. d4 Bg7 3. Bc4 d6 4. Ne2 c6 5. c3 Nf6 6. f3 O-O 7. O-O Nbd7 8. Na3
b5 9. Bd3 e5 10. Nc2 a6 11. Be3 c5 12. Ng3 Bb7 13. Qd2 h5 14. d5 Kh7 15. b3 h4
16. Nh1 Nh5 17. c4 Nf4 18. Rab1 Bh6 19. Ne1 Qg5 20. Bxf4 exf4 21. cxb5 axb5 22.
Bxb5 Ne5 23. Nf2 Bc8 24. Nfd3 h3 25. Rf2 Qf6 26. Qb2 Bg7 27. Nxe5 Qxe5 28. Qxe5
Bxe5 29. Re2 g5 30. a4 Rg8 31. Nc2 g4 32. fxg4 Bxg4 33. Rf2 hxg2 34. Be2 c4 35.
Bxc4 f3 36. Rd1 Rg6 37. Ne1 {#} 37... Bxh2+ {bily se vzdal} 0-1

[Event "ProMoPro Open 2003"]
[Site "Praha"]
[Date "2003.09.06"]
[Round "1.24"]
[White "Kucera, Tomas"]
[Black "Kosar, Milan"]
[Result "1-0"]
[WhiteElo "2111"]
[BlackElo "1713"]
[PlyCount "75"]
[EventDate "2003.09.06"]

1. e4 c5 2. Nf3 Nc6 3. d4 cxd4 4. Nxd4 e5 5. Nb5 a6 6. Nd6+ Bxd6 7. Qxd6 Qf6 8.
Qd1 Qg6 9. Nc3 d5 10. Nxd5 Qxe4+ 11. Ne3 Nge7 12. Bd3 Qd4 13. c3 Qb6 14. Nc4
Qd8 15. Be3 Bf5 16. Bxf5 Qxd1+ 17. Rxd1 Nxf5 18. Bc5 b5 19. Nb6 Rd8 20. Ke2 f6
21. Rxd8+ Nxd8 22. Rd1 Kf7 23. Rd7+ Kg6 24. g4 Nh4 25. Be3 Ne6 26. Nd5 h6 27.
Ra7 Rd8 28. Rxa6 Rxd5 29. Rxe6 h5 30. h3 hxg4 31. hxg4 Kf7 32. Ra6 Ng6 33. a4
bxa4 34. Rxa4 Ne7 35. c4 Rd8 36. b4 Nc6 37. b5 Nd4+ 38. Bxd4 {
cerny prekrocil cas} 1-0

[Event "ProMoPro Open 2003"]
[Site "Praha"]
[Date "2003.09.06"]
[Round "1.25"]
[White "Hejl, Jaroslav"]
[Black "Voboril, Pavel"]
[Result "1-0"]
[WhiteElo "1709"]
[BlackElo "2109"]
[PlyCount "73"]
[EventDate "2003.09.06"]

1. d4 Nf6 2. c4 e6 3. Nf3 d5 4. Bg5 Be7 5. Nc3 O-O 6. cxd5 Nxd5 7. Nxd5 exd5 8.
Bxe7 Qxe7 9. e3 f5 10. g3 f4 11. gxf4 Rxf4 12. Be2 Rf6 13. Qd2 Nc6 14. h3 Bf5
15. Nh4 Be4 16. f3 Rf7 17. fxe4 Qxh4+ 18. Kd1 dxe4 19. Bc4 Raf8 20. Kc2 Qe7 21.
Raf1 Kh8 22. Bxf7 Rxf7 23. a3 h6 24. Qg2 Nd8 25. Qg6 c5 26. d5 Kg8 27. Rxf7
Nxf7 28. Rg1 Ng5 29. Rg4 Qd7 30. d6 Qa4+ 31. Kc3 c4 32. Rxg5 Qb3+ 33. Kd4 Qd3+
34. Ke5 hxg5 35. Qe8+ Kh7 36. d7 Qe2 37. d8=Q {cerny vzdal} 1-0

[Event "ProMoPro Open 2003"]
[Site "Praha"]
[Date "2003.09.06"]
[Round "1.26"]
[White "Hackel, Ludek"]
[Black "Konopka, Lukas"]
[Result "1-0"]
[WhiteElo "2107"]
[BlackElo "1669"]
[PlyCount "125"]
[EventDate "2003.09.06"]

1. d4 Nf6 2. c4 g6 3. Nc3 Bg7 4. e4 d6 5. Nf3 O-O 6. g3 c6 7. Bg2 Na6 8. O-O
Bg4 9. h3 Bxf3 10. Bxf3 Nd7 11. Be3 e5 12. Bg2 Nc7 13. Qd2 exd4 14. Bxd4 Ne5
15. b3 Ne6 16. Be3 Re8 17. Rad1 Qa5 18. Ne2 Qa3 19. f4 Nd7 20. Qxd6 Qxa2 21.
Nc1 Qa6 22. f5 Nef8 23. fxg6 hxg6 24. Qf4 Ne5 25. Nd3 Ne6 26. Qf2 Re7 27. Nc5
Qa5 28. Ra1 Nf3+ 29. Qxf3 Bxa1 30. b4 Qa3 31. Nxe6 fxe6 32. Qf4 Bg7 33. Bc5 e5
34. Qg4 Rae8 35. Qxg6 b6 36. Bxe7 Rxe7 37. Qd6 Bf8 38. Qg6+ Bg7 39. Rd1 Rf7 40.
Rd8+ Rf8 41. Rd7 Qe3+ 42. Kh2 Qh6 43. Qxh6 Bxh6 44. Rxa7 Bd2 45. Rb7 Bxb4 46.
Rxb6 c5 47. Re6 Bc3 48. h4 Kg7 49. Bh3 Rf2+ 50. Kh1 Bd4 51. Bf5 Rc2 52. h5 Be3
53. g4 Rxc4 54. g5 Rc1+ 55. Kh2 Bf4+ 56. Kg2 Rc2+ 57. Kf3 Rc3+ 58. Ke2 c4 59.
h6+ Kf8 60. h7 Rc2+ 61. Kf3 Rh2 62. Rh6 Kg7 63. h8=Q+ {cerny se vzdal} 1-0

[Event "ProMoPro Open 2003"]
[Site "Praha"]
[Date "2003.09.06"]
[Round "1.27"]
[White "Voglova, Eva"]
[Black "Chalupa, Ivan"]
[Result "0-1"]
[WhiteElo "1657"]
[BlackElo "2086"]
[PlyCount "88"]
[EventDate "2003.09.06"]

1. d4 d5 2. c4 e6 3. Nc3 c6 4. cxd5 exd5 5. Nf3 Bd6 6. Bg5 Nf6 7. e3 h6 8. Bh4
Bf5 9. Bd3 Bxd3 10. Qxd3 Nbd7 11. O-O O-O 12. Rab1 a5 13. Rfc1 Qe7 14. Bg3 Rae8
15. a3 Ne4 16. Bxd6 Qxd6 17. Nd2 f5 18. b4 axb4 19. axb4 Ndf6 20. b5 Ng4 21.
Nf1 Nexf2 22. Qc2 Ne4 23. h3 Ngf2 24. bxc6 bxc6 25. Nxe4 Nxe4 26. Qxc6 f4 27.
Rb5 fxe3 28. Nxe3 Qxc6 29. Rxc6 Ng3 30. Ng4 Ne2+ 31. Kh2 Nxd4 32. Rcc5 Nxb5 33.
Rxb5 Rd8 34. Ne5 Rd6 35. Rb3 Re8 36. Nf3 Kf7 37. Kg3 Re2 38. Rd3 Rg6+ 39. Kh4
Rgxg2 40. Rxd5 Re4+ 41. Kh5 Rg3 42. Rf5+ Ke6 43. Nd4+ Rxd4 44. h4 g6+ {
bila se vzdala} 0-1